<?xml version="1.0" encoding="UTF-8"?>
<collection xmlns="http://www.loc.gov/MARC21/slim">
 <record>
  <leader>01944aam a22002898a 4500</leader>
  <controlfield tag="001">NCT_13522</controlfield>
  <controlfield tag="008">141125s2004              ||||||eng d</controlfield>
  <datafield tag="999" ind1=" " ind2=" ">
   <subfield code="c">644</subfield>
   <subfield code="d">644</subfield>
  </datafield>
  <datafield tag="020" ind1=" " ind2=" ">
   <subfield code="a">9780194579452</subfield>
   <subfield code="c">285000</subfield>
  </datafield>
  <datafield tag="082" ind1="0" ind2="4">
   <subfield code="2">23rd ed.</subfield>
   <subfield code="a">428</subfield>
   <subfield code="b">M341</subfield>
  </datafield>
  <datafield tag="100" ind1="1" ind2=" ">
   <subfield code="a">Grussendorf, Marion</subfield>
  </datafield>
  <datafield tag="245" ind1="1" ind2="0">
   <subfield code="a">English for logistics</subfield>
   <subfield code="c">Marion Grussendorf</subfield>
  </datafield>
  <datafield tag="260" ind1=" " ind2=" ">
   <subfield code="a">Oxford (New York)</subfield>
   <subfield code="b">Oxford University Press</subfield>
   <subfield code="c">2007</subfield>
  </datafield>
  <datafield tag="300" ind1=" " ind2=" ">
   <subfield code="a">80 p.</subfield>
   <subfield code="b">col. ill.</subfield>
   <subfield code="c">26 cm</subfield>
   <subfield code="e">1 CD-ROM (4 3/4 in.)</subfield>
  </datafield>
  <datafield tag="490" ind1=" " ind2=" ">
   <subfield code="a">Express series</subfield>
  </datafield>
  <datafield tag="653" ind1=" " ind2=" ">
   <subfield code="a">Khoa học cơ bản</subfield>
  </datafield>
  <datafield tag="942" ind1=" " ind2=" ">
   <subfield code="2">ddc</subfield>
   <subfield code="c">BK</subfield>
  </datafield>
  <datafield tag="952" ind1=" " ind2=" ">
   <subfield code="0">0</subfield>
   <subfield code="1">0</subfield>
   <subfield code="2">ddc</subfield>
   <subfield code="4">0</subfield>
   <subfield code="6">428_000000000000000_M341</subfield>
   <subfield code="7">0</subfield>
   <subfield code="9">4687</subfield>
   <subfield code="a">000001</subfield>
   <subfield code="b">000001</subfield>
   <subfield code="d">2017-11-29</subfield>
   <subfield code="o">428 M341</subfield>
   <subfield code="p">MD.03430</subfield>
   <subfield code="r">2017-11-29</subfield>
   <subfield code="v">285000.00</subfield>
   <subfield code="w">2017-11-29</subfield>
   <subfield code="y">BK</subfield>
  </datafield>
  <datafield tag="952" ind1=" " ind2=" ">
   <subfield code="0">0</subfield>
   <subfield code="1">0</subfield>
   <subfield code="2">ddc</subfield>
   <subfield code="4">0</subfield>
   <subfield code="6">428_000000000000000_M341</subfield>
   <subfield code="7">0</subfield>
   <subfield code="9">4688</subfield>
   <subfield code="a">000001</subfield>
   <subfield code="b">000001</subfield>
   <subfield code="d">2017-11-29</subfield>
   <subfield code="o">428 M341</subfield>
   <subfield code="p">MD.03431</subfield>
   <subfield code="r">2017-11-29</subfield>
   <subfield code="v">285000.00</subfield>
   <subfield code="w">2017-11-29</subfield>
   <subfield code="y">BK</subfield>
  </datafield>
  <datafield tag="952" ind1=" " ind2=" ">
   <subfield code="0">0</subfield>
   <subfield code="1">0</subfield>
   <subfield code="2">ddc</subfield>
   <subfield code="4">0</subfield>
   <subfield code="6">428_000000000000000_M341</subfield>
   <subfield code="7">0</subfield>
   <subfield code="9">4689</subfield>
   <subfield code="a">000001</subfield>
   <subfield code="b">000001</subfield>
   <subfield code="d">2017-11-29</subfield>
   <subfield code="o">428 M341</subfield>
   <subfield code="p">MD.03432</subfield>
   <subfield code="r">2017-11-29</subfield>
   <subfield code="v">285000.00</subfield>
   <subfield code="w">2017-11-29</subfield>
   <subfield code="y">BK</subfield>
  </datafield>
  <datafield tag="952" ind1=" " ind2=" ">
   <subfield code="0">0</subfield>
   <subfield code="1">0</subfield>
   <subfield code="2">ddc</subfield>
   <subfield code="4">0</subfield>
   <subfield code="6">428_000000000000000_M341</subfield>
   <subfield code="7">0</subfield>
   <subfield code="9">4690</subfield>
   <subfield code="a">000001</subfield>
   <subfield code="b">000001</subfield>
   <subfield code="d">2017-11-29</subfield>
   <subfield code="o">428 M341</subfield>
   <subfield code="p">MD.03433</subfield>
   <subfield code="r">2017-11-29</subfield>
   <subfield code="v">285000.00</subfield>
   <subfield code="w">2017-11-29</subfield>
   <subfield code="y">BK</subfield>
  </datafield>
  <datafield tag="952" ind1=" " ind2=" ">
   <subfield code="0">0</subfield>
   <subfield code="1">0</subfield>
   <subfield code="2">ddc</subfield>
   <subfield code="4">0</subfield>
   <subfield code="6">428_000000000000000_M341</subfield>
   <subfield code="7">0</subfield>
   <subfield code="9">4691</subfield>
   <subfield code="a">000001</subfield>
   <subfield code="b">000001</subfield>
   <subfield code="d">2017-11-29</subfield>
   <subfield code="o">428 M341</subfield>
   <subfield code="p">MD.03434</subfield>
   <subfield code="r">2017-11-29</subfield>
   <subfield code="v">285000.00</subfield>
   <subfield code="w">2017-11-29</subfield>
   <subfield code="y">BK</subfield>
  </datafield>
  <datafield tag="952" ind1=" " ind2=" ">
   <subfield code="0">0</subfield>
   <subfield code="1">0</subfield>
   <subfield code="2">ddc</subfield>
   <subfield code="4">0</subfield>
   <subfield code="6">428_000000000000000_M341</subfield>
   <subfield code="7">0</subfield>
   <subfield code="9">4692</subfield>
   <subfield code="a">000001</subfield>
   <subfield code="b">000001</subfield>
   <subfield code="d">2017-11-29</subfield>
   <subfield code="o">428 M341</subfield>
   <subfield code="p">MD.03435</subfield>
   <subfield code="r">2017-11-29</subfield>
   <subfield code="v">285000.00</subfield>
   <subfield code="w">2017-11-29</subfield>
   <subfield code="y">BK</subfield>
  </datafield>
  <datafield tag="952" ind1=" " ind2=" ">
   <subfield code="0">0</subfield>
   <subfield code="1">0</subfield>
   <subfield code="2">ddc</subfield>
   <subfield code="4">0</subfield>
   <subfield code="6">428_000000000000000_M341</subfield>
   <subfield code="7">0</subfield>
   <subfield code="9">4693</subfield>
   <subfield code="a">000001</subfield>
   <subfield code="b">000001</subfield>
   <subfield code="d">2017-11-29</subfield>
   <subfield code="o">428 M341</subfield>
   <subfield code="p">MD.03436</subfield>
   <subfield code="r">2017-11-29</subfield>
   <subfield code="v">285000.00</subfield>
   <subfield code="w">2017-11-29</subfield>
   <subfield code="y">BK</subfield>
  </datafield>
  <datafield tag="952" ind1=" " ind2=" ">
   <subfield code="0">0</subfield>
   <subfield code="1">0</subfield>
   <subfield code="2">ddc</subfield>
   <subfield code="4">0</subfield>
   <subfield code="6">428_000000000000000_M341</subfield>
   <subfield code="7">0</subfield>
   <subfield code="9">4694</subfield>
   <subfield code="a">000001</subfield>
   <subfield code="b">000001</subfield>
   <subfield code="d">2017-11-29</subfield>
   <subfield code="o">428 M341</subfield>
   <subfield code="p">MD.03437</subfield>
   <subfield code="r">2017-11-29</subfield>
   <subfield code="v">285000.00</subfield>
   <subfield code="w">2017-11-29</subfield>
   <subfield code="y">BK</subfield>
  </datafield>
  <datafield tag="952" ind1=" " ind2=" ">
   <subfield code="0">0</subfield>
   <subfield code="1">0</subfield>
   <subfield code="2">ddc</subfield>
   <subfield code="4">0</subfield>
   <subfield code="6">428_000000000000000_M341</subfield>
   <subfield code="7">0</subfield>
   <subfield code="9">4695</subfield>
   <subfield code="a">000001</subfield>
   <subfield code="b">000001</subfield>
   <subfield code="d">2017-11-29</subfield>
   <subfield code="o">428 M341</subfield>
   <subfield code="p">MD.03438</subfield>
   <subfield code="r">2017-11-29</subfield>
   <subfield code="v">285000.00</subfield>
   <subfield code="w">2017-11-29</subfield>
   <subfield code="y">BK</subfield>
  </datafield>
  <datafield tag="980" ind1=" " ind2=" ">
   <subfield code="a">Thư viện Trường Đại học Nam Cần Thơ</subfield>
  </datafield>
 </record>
</collection>
